| 000 | 00000nam##2200000za#4500 |
| 001 | 9.625306 |
| 003 | CaOODSP |
| 005 | 20200327182814 |
| 007 | ta |
| 008 | 150406|1999||||xxc||||| f|0| 0 fre|d |
| 020 | |a0-662-84670-2 |
| 040 | |aCaOODSP|bfre |
| 043 | |an-cn--- |
| 086 | 1 |aM22-132/12-1999F |
| 110 | 1 |aCanada.|bRessources naturelles Canada. |bSecrétariat du changement climatique. |
| 245 | 10|aSciences, impacts et adaptation / |cPréparé par le Groupe de la science, des impacts et de l'adaptation. |
| 260 | |aOttawa - Ontario : |bRessources naturelles Canada. |c1999. |
| 300 | |aviii, 70p. : |btableaux ; |c28 cm. |
| 490 | 1 |aRapport sur les options |
| 563 | |aReliure à anneaux |
| 590 | |a00-21|b2000-05-26 |
| 691 | 07|aEffet de serre|2gcpds |
| 691 | 07|aClimat|2gcpds |
| 691 | 07|aLutte contre la pollution|2gcpds |
| 691 | 07|aSciences de l'environnement|2gcpds |
| 776 | 0#|tRapport sur les options, sciences, impacts et adaptation |w(CaOODSP)9.603238 |
| 830 | #0|aRapport sur les options.|w(CaOODSP)9.513116 |